000 01148nam a2200241 a 4500
003 DO-SdBNP
005 20221130094515.0
007 ta
008 150602s2018 dr ado 000 0 spa d
020 _a9789945914306
040 _aDO-SdBNP
_bspa
_cBNPHU
082 _axxxxx
_bxxxxx
110 _aRepública Dominicana
_bMinisterio de Medio Ambiente y Recursos Naturales
_966969
245 0 0 _aGuía práctica :
_bpara la aplicación de la normativa de acceso a recursos genéticos, conocimientos tradicionales asociados y distribución justa y equitativa de beneficios de la República Dominicana
_cpresentación Ángel Estévez
260 _aSanto Domingo :
_bMinisterio de Medio Ambiente y Recursos Naturales,
_c2018.
300 _a131 P. :
_bil, graf., fot. ;
_c28 cm.
500 _aLibro en espiral.
505 0 _tAbreviaturas --
_tPresentación --
_tIntroducción --
_tMarco Oriental --
_tInstructivo orientador No. 1 --
_tInstructivo orientador No. 2 --
_tInstructivo orientador No. 3 --
_tInstructivo orientador No. 4 --
590 _aInventariado, 2022/ YL
700 1 2 _aEstévez, Ángel
_epres.
_91591
910 _aYLockward
942 _2ddc
_cLBS1
999 _c53034
_d53034